000
00307nam a2200121Ia 4500
003
OSt
008
201211b ||||| |||| 00| 0 eng d
100
_a
THAREJA, Reema.
245
_a
Python Programming using Problem Solving Approach
260
_a
New Delhi
_b
Pearsons
_c
2018
300
_a
544
942
_2
ddc
_c
BK
999
_c
6876
_d
6876